000 00299nam a22001457a 4500
008 221114b ||||| |||| 00| 0 eng d
020 _a094143401
041 _aeng
080 _a521
082 _a521 FER
100 _a19.1
101 _aASTR
245 _aGALAXIES
_cFERRIS T
942 _2udc
_cBK
999 _c58886
_d58886